Statistics for Top 4 OFC Nations Cup

Click here to take the quiz!

General Stats

  • This quiz has been taken 203 times
  • The average score is 7 of 8

Answer Stats

Answer% Correct
New Zealand
100%
Australia
99%
Fiji
91%
Papua New Guinea
90%
Solomon Islands
89%
Vanuatu (New Hebrides)
86%
Tahiti
83%
New Caledonia
80%

Score Distribution

Percentile by Number Answered

Percent of People with Each Score

Your Score History

You have not taken this quiz